00782nam a2200241Ia 450000500170000000800390001702000150005604100080007110000330007924500660011225000200017826400260019830000180022433600270024233700330026933800280030249000380033065000470036865000450041570000330046004000350049308400120052820220316235352.0121119s2002 sp gr 000 j spa a84206341661 aspa1 aPoe, Edgar Allan,d1809-184910aCuentos 2cEdgar Allan Poe ; traducción de Julio Cortázar a4 reimpresión 1aMadridbAlianzac2002 a514 páginas atextobtxt2rdacontent asin mediaciónbn2rdamedia avolumenbnc2rdacarrier0 aEl libro de bolsillo : literatura142LEMBaLiteratura estadounidenseySiglo XIX172LEMBaCuentos estadounidensesySiglo XIX1 aCortázar, Juliodtraductor aCO-BoRNBPbspaerdacCO-BoRNBP aC POE4